American public architecture : (Record no. 18846)

000 -LEADER
fixed length control field 01025cam a22002897i 4500
020 ## - INTERNATIONAL STANDARD BOOK NUMBER
ISBN 9780915773046
020 ## - INTERNATIONAL STANDARD BOOK NUMBER
ISBN 091577304X
040 ## - CATALOGING SOURCE
Transcribing agency PIT
082 04 - DEWEY DECIMAL CLASSIFICATION NUMBER
Classification number 720 CHA 1994 C153 Or.
245 00 - TITLE STATEMENT
Title American public architecture :
Remainder of title European roots and native expressions /
300 ## - PHYSICAL DESCRIPTION
Number of Pages 303 pages :
Other physical details illustrations ;
Dimensions 28 cm.
490 1# - SERIES STATEMENT
Series statement Papers in art history from the Pennsylvania State University ;
650 #0 - SUBJECT ADDED ENTRY--TOPICAL TERM
Topical Term Architecture
650 #0 - SUBJECT ADDED ENTRY--TOPICAL TERM
Topical Term Architecture
650 #0 - SUBJECT ADDED ENTRY--TOPICAL TERM
Topical Term Architecture
650 #6 - SUBJECT ADDED ENTRY--TOPICAL TERM
Topical Term Architecture publique
650 #6 - SUBJECT ADDED ENTRY--TOPICAL TERM
Topical Term Architecture publique
650 #7 - SUBJECT ADDED ENTRY--TOPICAL TERM
Topical Term Architecture
650 #7 - SUBJECT ADDED ENTRY--TOPICAL TERM
Topical Term Architektur
650 #7 - SUBJECT ADDED ENTRY--TOPICAL TERM
Topical Term Öffentliches Gebäude
650 #7 - SUBJECT ADDED ENTRY--TOPICAL TERM
Topical Term Aufsatzsammlung
700 1# - ADDED ENTRY--PERSONAL NAME
Personal name Zabel, Craig Robert,
700 1# - ADDED ENTRY--PERSONAL NAME
Personal name Munshower, Susan Scott.
856 41 - ELECTRONIC LOCATION AND ACCESS
Uniform Resource Identifier http://tocs.kubikat.org/rco/bd00/140/bd00140526m-toc.pdf
856 41 - ELECTRONIC LOCATION AND ACCESS
Uniform Resource Identifier http://bvbr.bib-bvb.de:8991/F?func=service&doc_library=BVB01&local_base=BVB01&doc_number=002708875&line_number=0001&func_code=DB_RECORDS&service_type=MEDIA
942 ## - ADDED ENTRY ELEMENTS (KOHA)
Koha item type ADB
952 ## - LOCATION AND ITEM INFORMATION (KOHA)
Withdrawn status [LOCAL, KOHA] 0
Holdings
Koha item type Source of acquisition Lost status Permanent Location Current Location Date acquired Full call number
សៀវភៅភាសាអង់គ្លេសA38875 Library Block CLibrary Block C2020-01-29720 CHA 1994 C153 Or.
មជ្ឈមណ្ឌលឯការនៃសាកលវិទ្យាល័យភូមិន្ទកសិកម្មចំការដូង

Powered by Koha